| 000 | 00482nam a22001937a 4500 | ||
|---|---|---|---|
| 003 | MPLRDC | ||
| 005 | 20220104160143.0 | ||
| 008 | 210129b ||||| |||| 00| 0 eng d | ||
| 020 | _a7-80603-823-X | ||
| 082 | _a271.909 YJJ | ||
| 100 | _a岳娟娟、顾迎新 | ||
| 245 |
_a鬼神 _c |
||
| 250 | _a一版一刷 | ||
| 260 |
_a中国 _b山东画报出版社 _c2004 |
||
| 300 | _b平 | ||
| 490 | _a雅俗中国丛书 | ||
| 650 | _a中国其他宗教 | ||
| 942 |
_cBK _o271.909 YJJ |
||
| 999 |
_c54835 _d54825 |
||